000 00618nam a2200229Ia 4500
001 33979
005 20240114001710.0
007 ta
008 070108s1962 g b000 u u
040 _aCotton College,Assam
082 _a491.403
_bT 543 B
100 _aTiwari, Bholanath.
245 0 _aBrihat Paryaivashi Kosh /
_cBholanath Tiwari.
_hTextual Documents
250 _a1st ed. /
260 _aAllahabad :
_bKitab mahal ,
_c1962.
300 _a558p. ;
_c22cm.
653 _aSanskrit Language-Dictionary
653 _aG-Languages
942 _2ddc
_cBK
999 _c33961
_d33961